| 000 | 01240nam a2200313 4500 | ||
|---|---|---|---|
| 001 | 0000018959 | ||
| 003 | CO-CtgCURN | ||
| 005 | 20250329174158.0 | ||
| 007 | ta | ||
| 008 | 160627s1999 000 0 eng d | ||
| 020 | _a844812345X | ||
| 040 |
_aCO-CtgCURN _bspa _ccoctgcurn |
||
| 082 | 0 |
_a005.7565 _bV356o |
|
| 100 | 1 | _aVelpuri, Rama. | |
| 245 | 1 | 0 |
_aOracle8 : _bmanual de backup y recuperacion de datos / _cRama Velpuri y Anand Adkoli , traducción Javier Molinero Velasco... [et. al.]. |
| 260 |
_aMadrid : _bMcGraw Hill Interamericana, _c1999. |
||
| 300 | _axxiii, 513 p. | ||
| 336 | _2rdacontent | ||
| 337 |
_2rdamedia _asin mediacion _bn |
||
| 338 |
_2rdacarrier _avolumen _bnc |
||
| 490 | 1 | _aOsborne McGraw Hill | |
| 500 | _aTraducción de la obra en ingles: Oracle8 backup , recovery handbook. | ||
| 505 | 8 | _aIntroducción al backup y la recuperacion.--Arquitectura y configuracion de oracle.--Principios de backup.--Principios de la recuperacion.--Facilidades de diagnostico y depuracion del SGBDR | |
| 650 | 1 | 4 | _aOracle 8 (Archivo de computador) |
| 700 | 1 | _aAdkoli, Anand. | |
| 908 | _a160627 | ||
| 942 |
_cBK _h005.7565 _iV356o _2ddc |
||
| 999 |
_c8770 _d8770 |
||